000 00718nam a22002770a 4500
001 PT56149
003 AR-LpoUNG
005 20210131231738.0
008 191001suuuu||||ag |||||||||||||||||spa d
040 _aAR-LpoUNG
_bspa
_cAR-LpoUNG
_eaacr
041 _aspa
044 _aag
082 0 _a808.068 3 454cap
100 1 _a[Perrault, Charles]
245 1 0 _aCaperucita roja
250 _a1ra. ed.
260 _aBuenos Aires :
_bBetina,
_cs.f..
300 _a[8] p. :
_bil.
505 0 _aSugerido a partir de 6 aƱos (etiqueta AMARILLA)
650 4 _aCUENTOS
650 4 _aLITERATURA
651 4 _aDOCUMENTOS TEORICOS O METODOLOGICOS
653 _aLITERATURA INFANTIL
905 _a56149
942 _cLIB
999 _c11748
_d11748